000 00629nam a2200193 a 4500
001 000023973
005 20200930022619.0
008 110117s1969 ve 000 0 spa d
040 _aDO-SdBNP
_bspa
_cBNPHU
082 _a840.9
_bA679a
100 1 _aArellano, Fernando
_949312
245 1 0 _aApuntes de literatura francesa /
_cFernando Arellano.
260 _aCaracas, (Venezuela) :
_bUniversidad Católica y Andrés Bello,
_c1969.
300 _av. ;
_c28 cm.
650 4 _aLiteratura francesa
_91074
650 4 _aLiteratura francesa
_xHistoria y crítica
_927518
650 4 _aCrítica literaria
_zFrancia
_913406
049 _aBNGR
999 _c23468
_d23468